University of Brighton-UG prospectus 1999 entry (Record no. 195045)
[ view plain ]
| 000 -LEADER | |
|---|---|
| fixed length control field | 00773 a2200157 4500 |
| 003 - CONTROL NUMBER IDENTIFIER | |
| control field | Nust |
| 005 - DATE AND TIME OF LATEST TRANSACTION | |
| control field | 20170207154215.0 |
| 040 ## - CATALOGING SOURCE | |
| Transcribing agency | Nust |
| 082 ## - DEWEY DECIMAL CLASSIFICATION NUMBER | |
| Classification number | 378.4 |
| 245 ## - TITLE STATEMENT | |
| Title | University of Brighton-UG prospectus 1999 entry |
| Statement of responsibility, etc. | University of Brighton |
| 260 ## - PUBLICATION, DISTRIBUTION, ETC. | |
| Place of publication, distribution, etc. | Brighton |
| Name of publisher, distributor, etc. | University of Brighton |
| Date of publication, distribution, etc. | 1999 |
| 300 ## - PHYSICAL DESCRIPTION | |
| Extent | 160 p. |
| 505 ## - FORMATTED CONTENTS NOTE | |
| Formatted contents note | Introduction (Page-2) Campuses (Page-8) Accommodation (Page-10) Crèches (page-11) Student Loans (page-12) Welfare (Page-13) Chaplaincy (page-14) International Student (Page-15) Student Union (Page-16) Sport 9Page—17) Cultural Life (Page-19) Subject Areas and Courses (Page-20) General Entry Advice (Page-150) How o Apply (Page-153) Fees (Page-156) Course Finder (Page-158) |
| 538 ## - SYSTEM DETAILS NOTE | |
| System details note | Almirah No. 117 shelf No. 1 |
| 650 ## - SUBJECT ADDED ENTRY--TOPICAL TERM | |
| Topical term or geographic name entry element | UG Prospectus |
| 942 ## - ADDED ENTRY ELEMENTS (KOHA) | |
| Source of classification or shelving scheme | |
| Koha item type | Book |
| Withdrawn status | Lost status | Source of classification or shelving scheme | Damaged status | Not for loan | Collection code | Permanent Location | Current Location | Date acquired | Total Checkouts | Full call number | Barcode | Date last seen | Price effective from | Koha item type |
|---|---|---|---|---|---|---|---|---|---|---|---|---|---|---|
| Military College of Signals (MCS) | Military College of Signals (MCS) | 12/12/2016 | 378.4 UNI | MCSPS-20 | 12/08/2016 | 12/12/2016 | Book |
